South Eastern Kenya University

Library Online Public Access Catalogue


Quiz kids : (Record no. 13293)

MARC details
000 -LEADER
fixed length control field 01276cam a2200277 i 4500
001 - CONTROL NUMBER
control field 17811827
003 - CONTROL NUMBER IDENTIFIER
control field OSt
005 - DATE AND TIME OF LATEST TRANSACTION
control field 20160504154931.0
008 - FIXED-LENGTH DATA ELEMENTS--GENERAL INFORMATION
fixed length control field 130715s2013 ncua b 001 0 eng
010 ## - LIBRARY OF CONGRESS CONTROL NUMBER
LC control number 2013027019
020 ## - INTERNATIONAL STANDARD BOOK NUMBER
International Standard Book Number 9780786439768 (softcover : alk. paper)
040 ## - CATALOGING SOURCE
Original cataloging agency SEKU
042 ## - AUTHENTICATION CODE
Authentication code pcc
043 ## - GEOGRAPHIC AREA CODE
Geographic area code n-us---
050 00 - LIBRARY OF CONGRESS CALL NUMBER
Classification number PN 1991.77
Item number .G3
082 00 - DEWEY DECIMAL CLASSIFICATION NUMBER
Classification number 791.44/72
Edition number 23
100 1# - MAIN ENTRY--PERSONAL NAME
Personal name Gardner, Martin A.
245 10 - TITLE STATEMENT
Title Quiz kids :
Remainder of title the radio program with the smartest children in America, 1940-1953 /
Statement of responsibility, etc. Martin A. Gardner.
264 #1 - PRODUCTION, PUBLICATION, DISTRIBUTION, MANUFACTURE, AND COPYRIGHT NOTICE
Place of production, publication, distribution, manufacture Jefferson, North Carolona ;
-- London :
Name of producer, publisher, distributor, manufacturer McFarland & Company, Inc., Publishers,
Date of production, publication, distribution, manufacture, or copyright notice [2013]
300 ## - PHYSICAL DESCRIPTION
Extent v, 312 p. :
Other physical details ill. ;
Dimensions 23 cm.
504 ## - BIBLIOGRAPHY, ETC. NOTE
Bibliography, etc Includes bibliographical references and index.
520 ## - SUMMARY, ETC.
Summary, etc. "'Quiz Kids' was a network radio program aired from 1940 to 1953 featuring smart children answering difficult questions submitted by listeners throughout America. "Quiz Kids" thrived during this period spanning a time from home delivery of milk by horse and wagon to the nuclear age. The show went beyond the producers' wildest expectations to be a national phenomenon"--
Assigning source Provided by publisher.
630 00 - SUBJECT ADDED ENTRY--UNIFORM TITLE
Uniform title Quiz kids (Radio program)
650 #0 - SUBJECT ADDED ENTRY--TOPICAL TERM
Topical term or geographic name as entry element Radio quiz shows
Geographic subdivision United States.
942 ## - ADDED ENTRY ELEMENTS (KOHA)
Source of classification or shelving scheme Library of Congress Classification
Koha item type General circulation
Holdings
Withdrawn status Lost status Source of classification or shelving scheme Damaged status Not for loan Home library Current library Shelving location Date acquired Source of acquisition Total Checkouts Full call number Barcode Date last seen Price effective from Koha item type Public note
    Library of Congress Classification     Main Campus Library Main Campus Library General Stacks 04/05/2016 Donation- Books for Africa   PN 1991.77 .G3 2016/017345 04/05/2016 04/05/2016 General circulation stv
Kitui, Kenya.
+254736116989
library@seku.ac.ke